000 00976nam a2200265Ia 4500
003 OSt
005 20221005103931.0
006 a|||||r|||| 00| 0
007 ta
008 221004b |||||||| |||| 00| 0 hin d
024 _a107569
037 _cTextual
040 _aCRL
_cCRL
_bhin
041 _2hin
_ahin
082 _aO152:g, J1
100 _aशुक्ल, रामकृष्ण ‘शिलीमुख’
245 0 _aशिलीमुखी
246 _aShilīmukhī
260 _aदिल्ली
_bगौतम बुक डिपो भारत
_c1951
300 _a141पृ0
_ccm.
650 _aहिन्दी साहित्य
700 _a स्नातक, विजयेन्द्र, संपा.
942 _hO152:g, J1
_cTEXL
_2cc
999 _c1011322
_d1011322